World Series Cricket 1977-79 Australian Players - Statistics

General Stats
  • This quiz has been taken 185 times
    184 since last reset
  • The average score is 14 of 23
Answer Stats
Player Name % Correct
Greg Chappell
100%
Ian Chappell
100%
Dennis Lillee
97%
Trevor Chappell
97%
Rod Marsh
91%
Doug Walters
82%
Jeff Thomson
76%
David Hookes
68%
Max Walker
66%
Ian Redpath
65%
Len Pascoe
61%
Rick McCosker
50%
Ross Edwards
50%
Gary Gilmour
48%
Ray Bright
47%
Bruce Laird
46%
Ian Davis
44%
Richie Robinson
36%
Mick Malone
35%
Wayne Prior
32%
Kepler Wessels
30%
Martin Kent
24%
Rob Langer
22%
No matching quizzes found
Score Distribution
Percent of People with Each Score
Percentile by Number Answered
Your Score History
You have not taken this quiz since the last reset